| 000 | 00480nam a2200193Ia 4500 | ||
|---|---|---|---|
| 005 | 20250423100720.0 | ||
| 008 | 250422s9999 xx 000 0 und d | ||
| 020 | _a9780273634324 | ||
| 050 | _aJQ 3098 .J44/ | ||
| 100 | _aJefkins, Frank | ||
| 245 | 0 | _aPublic relations | |
| 250 | _a5th ed. | ||
| 260 | _aNew York | ||
| 260 | _bPrentice Hall | ||
| 260 | _c1998 | ||
| 300 | _a293 p | ||
| 650 | _aPublic relations and politics--Nigeria. Elections--Nigeria. | ||
| 942 | _cBK | ||
| 999 |
_c34143 _d34143 |
||